000 00271nam a2200109Ia 4500
008 190912s9999||||xx |||||||||||||| ||und||
100 _aUNI GRANTS commission
245 0 _aUniversities of Pakistan 2001
260 _aIslamabad
_bAddision
_c2001
300 _a822
942 _cBK
999 _c7524
_d7524